00330nam a2200121Ia 4500008004100000041000800041082001700049100002000066245004500086260004100131300003100172365000500203240624s9999 xx 000 0 und d aeng a332.6323 FAB aFABOZZI FRANK J aMORTGAGE BACKED SECURITIES PRODUCTS STRU c2007aSingaporebJohn Wiley and Sons axvi, , 318 , 25 : p. : cm. c